00801 2200169 4500245007200000250001100072100002000083700001500103650001700118005001900135260002300154041001400177084001300191300001900204500039900223336000900622 athe alternate story;psychic detective yakumocManabu kaminagahText aCet. 1 aManabu kaminaga asazuka oda aKomik Jepang a20250131111311 aJepangbm&c!c2014 aIndonesia a741.5592 ailus. :c18 cm aYakumo menghilang dan Haruka pun pergi untuk mencarinya. mendengar cerita isshin bahwa ibunya dan ibu yakumo dulu berteman,haruka pun kembali kekampung halaman nya dinagano.Di tempat lain,Ishhi berusaha menemukan gotou y7ang menghilang secara tiba tiba dirumah tempat terjadinya pembunuhan sadis 15 tahun yang lalu.Isshin pun kian dekat dengan kebeneran yang tersembunyi dibalik kasus tersebut atext